History Quiz

Random History or Flags Quiz

Only Six - Texas Flags (slideshow) Quiz Stats

Quiz not verified by Sporcle

Challenge
Share
Tweet
Score 0/6 Timer 01:30
0 Plays Today
% Correct
United States of America 1845-1861; 1865-Present
85.7%
Mexico 1821-1836
81.7%
Spain 1519-1685; 1690-1821
71.4%
Republic of Texas 1836-1845
66.7%
The Confederacy 1861-1865
58.7%
France 1685-1690
54%

You're not logged in!

Compare scores with friends on all Sporcle quizzes.
Sign Up with Email
OR
Log In

You Might Also Like...

Show Comments

Extras

Top Quizzes Today


Score Distribution

Your Account Isn't Verified!

In order to create a playlist on Sporcle, you need to verify the email address you used during registration. Go to your Sporcle Settings to finish the process.